Košická firma chce ešte viac odpadu

Podrobná bibliografia
Hlavný autor: Hirman, Karel (Autor)
Korporatívny autor: V.O.D.S (Košice, Slovensko) (Autor)
Médium: Článok
Jazyk:slovenčina
Predmet:

MARC

LEADER 00000nab a2200000 a 4500
001 vtls000933502
003 SK-MaSNL
005 20260303222219.0
008 040720e20030000xo 0 slo
035 |a KE42379 
040 |a KEVKJB  |b slo  |c KEVKJB  |e AACR2 
041 0 |a slo 
044 |a xo  |c SK 
080 |a 628.4  |2 1981 
100 1 |a Hirman, Karel  |4 aut  |9 438764 
245 1 0 |a Košická firma chce ešte viac odpadu 
518 |a 1990-2003 
610 2 7 |a V.O.D.S. (Košice, Slovensko)   |2 KEVKJB  |9 771442 
650 0 7 |a odpadové hospodárstvo  |2 KEVKJB  |9 3603 
651 7 |a Košice (Slovensko)  |2 KEVKJB  |9 18694 
651 7 |a KE,  |2 KEVKJB  |9 877256 
655 7 |a periodikum  |2 snkbucl  |9 29553 
710 2 |a V.O.D.S (Košice, Slovensko)  |4 aut  |9 1256331 
773 0 8 |t Trend  |g Roč. 13  |g Roč. 28, č.40 (2003), s. 57 
852 |a ZVYKNI  |b KIS3GCP 
999 |c 2238874  |d 2240804